<?xml version="1.0" encoding="UTF-8"?>
<record
    xmlns:xsi="http://www.w3.org/2001/XMLSchema-instance"
    xsi:schemaLocation="http://www.loc.gov/MARC21/slim http://www.loc.gov/standards/marcxml/schema/MARC21slim.xsd"
    xmlns="http://www.loc.gov/MARC21/slim">

  <leader>01701nam a22002057a 4500</leader>
  <controlfield tag="003">IT-MiCISF</controlfield>
  <controlfield tag="005">20250911144436.0</controlfield>
  <controlfield tag="008">250911b        |||||||| |||| 00| 0 eng d</controlfield>
  <datafield tag="020" ind1=" " ind2=" ">
    <subfield code="a">9788834355428</subfield>
  </datafield>
  <datafield tag="040" ind1=" " ind2=" ">
    <subfield code="c">IT-MiCISF</subfield>
  </datafield>
  <datafield tag="100" ind1=" " ind2=" ">
    <subfield code="a">Mortari Luigina</subfield>
    <subfield code="9">57855</subfield>
  </datafield>
  <datafield tag="245" ind1=" " ind2=" ">
    <subfield code="a">Sull'etica della cura</subfield>
  </datafield>
  <datafield tag="260" ind1=" " ind2=" ">
    <subfield code="a">Milano, </subfield>
    <subfield code="b">Vita e pensiero, </subfield>
    <subfield code="c">2023</subfield>
  </datafield>
  <datafield tag="300" ind1=" " ind2=" ">
    <subfield code="a">pp. 220</subfield>
  </datafield>
  <datafield tag="500" ind1=" " ind2=" ">
    <subfield code="a">persona, cura, filosofia, teoria</subfield>
  </datafield>
  <datafield tag="520" ind1=" " ind2=" ">
    <subfield code="a">La contemporaneit&#xE0; ha riscoperto il valore della cura, come pratica fondamentale per la costruzione di un mondo umano. Questo volume &#xE8; il primo in Italia ad affrontare il tema con uno studio analitico della letteratura internazionale che, nel secolo scorso, ha portato all'attenzione e formalizzato la riflessione sull'etica della cura. Il testo ricostruisce lo sviluppo del dibattito sulla cura, mettendo in evidenza punti di forza e punti critici. In seguito, partendo dalla constatazione che le argomentazioni teoriche prodotte spesso mancano di riferimenti concreti all'esperienza, la parte centrale presenta una diversa interpretazione dell'etica della cura, definita &#x201C;etica melaretica&#x201D;, che viene costruita tenendo insieme la ricerca sull'esperienza (ricerca empirica) e l'analisi dei testi della filosofia antica (ricerca teoretica), dove gi&#xE0; il concetto di cura era essenziale e dove si trova formulata un'idea esperienziale, situata, dell'etica. Questa sintesi permette di riprendere criticamente temi come la relazione con l'etica delle virt&#xF9;, l'opposizione con l'etica sistematica o etica delle regole, il ruolo delle emozioni e il valore dell'etica della cura per la politica.</subfield>
  </datafield>
  <datafield tag="650" ind1=" " ind2=" ">
    <subfield code="a">Persona</subfield>
  </datafield>
  <datafield tag="654" ind1=" " ind2=" ">
    <subfield code="a">saggio</subfield>
  </datafield>
  <datafield tag="942" ind1=" " ind2=" ">
    <subfield code="2">ddc</subfield>
    <subfield code="c">BK</subfield>
  </datafield>
  <datafield tag="999" ind1=" " ind2=" ">
    <subfield code="c">360609</subfield>
    <subfield code="d">360609</subfield>
  </datafield>
  <datafield tag="952" ind1=" " ind2=" ">
    <subfield code="0">0</subfield>
    <subfield code="1">0</subfield>
    <subfield code="2">ddc</subfield>
    <subfield code="4">0</subfield>
    <subfield code="6">B_7885_000000000000000</subfield>
    <subfield code="7">1</subfield>
    <subfield code="a">CISF</subfield>
    <subfield code="b">CISF</subfield>
    <subfield code="d">2025-09-11</subfield>
    <subfield code="l">0</subfield>
    <subfield code="o">B7885</subfield>
    <subfield code="p">9788834355428</subfield>
    <subfield code="r">2025-09-11 14:44:54</subfield>
    <subfield code="w">2025-09-11</subfield>
    <subfield code="y">BK</subfield>
  </datafield>
</record>
